| 000 | 00506nam a2200181Ia 4500 | ||
|---|---|---|---|
| 001 | 62742 | ||
| 008 | 180317n ii |||gr||||Z||||||465 | ||
| 020 | _a81-86204-75-X | ||
| 082 | _a910 | ||
| 100 |
_aSingh, Lekh Raj, _eAuthor. |
||
| 245 | 0 |
_aFundamentals of Practical Geography _cDr.Lekh Raj Singh _hTextual Documents |
|
| 250 | _aIst ed - 2006. | ||
| 260 |
_aAllahabad: _bSharda Pustak Bhawan. |
||
| 300 |
_a320p: _c23cm. |
||
| 653 | _aPractical Geography | ||
| 653 | _aG - Geography | ||
| 942 |
_2ddc _cBK |
||
| 999 |
_c63849 _d63849 |
||